Management Principles and Applications (Record no. 220861)

MARC details
000 -LEADER
fixed length control field 00654nam a22002297a 4500
005 - DATE AND TIME OF LATEST TRANSACTION
control field 20220816154352.0
008 - FIXED-LENGTH DATA ELEMENTS--GENERAL INFORMATION
fixed length control field 211202b ||||| |||| 00| 0 eng d
040 ## - CATALOGING SOURCE
Transcribing agency AL
041 ## - LANGUAGE CODE
Language code of text/sound track or separate title eng
082 ## - DEWEY DECIMAL CLASSIFICATION NUMBER
Edition number 23
Classification number 658
Item number SHAM
100 ## - MAIN ENTRY--PERSONAL NAME
Personal name Sharma R K
100 ## - MAIN ENTRY--PERSONAL NAME
9 (RLIN) 54835
245 ## - TITLE STATEMENT
Title Management Principles and Applications
260 ## - PUBLICATION, DISTRIBUTION, ETC.
Place of publication, distribution, etc. Ludhiana
Name of publisher, distributor, etc. Kalyani Publishers
Date of publication, distribution, etc. 2021
300 ## - PHYSICAL DESCRIPTION
Extent 392 p.
Other physical details PB
Dimensions 24x18 cm.
365 ## - TRADE PRICE
Price type code 3763
Price amount ₹236.00
Currency code
Unit of pricing ₹295.00
Price note 20%
Price effective from 27-11-2021
650 ## - SUBJECT ADDED ENTRY--TOPICAL TERM
Topical term or geographic name entry element NEP I SEM BBA
9 (RLIN) 11139
650 ## - SUBJECT ADDED ENTRY--TOPICAL TERM
Topical term or geographic name entry element BCOM
9 (RLIN) 54836
700 ## - ADDED ENTRY--PERSONAL NAME
Personal name SHARMA (R K)
9 (RLIN) 11140
700 ## - ADDED ENTRY--PERSONAL NAME
Personal name GUPTA (Shashi K)
9 (RLIN) 11141
700 ## - ADDED ENTRY--PERSONAL NAME
Personal name SHARMA (Rahul)
9 (RLIN) 11142
942 ## - ADDED ENTRY ELEMENTS (KOHA)
Source of classification or shelving scheme Dewey Decimal Classification
Koha item type Book
Holdings
Withdrawn status Lost status Source of classification or shelving scheme Damaged status Not for loan Collection code Home library Current library Date acquired Source of acquisition Cost, normal purchase price Total Checkouts Full call number Barcode Date last seen Date last checked out Cost, replacement price Price effective from Koha item type
    Dewey Decimal Classification     Management St Aloysius Library St Aloysius Library 11/30/2021 Biblios Book Point 236.00 3 658 SHAM 075123 12/05/2024 08/09/2024 295.00 12/02/2021 Book